[Event "SVK-chT2D 2324"]
[Site "Slovakia"]
[Date "2024.03.17"]
[Round "11.5"]
[White "Veselovsky, Jan"]
[Black "Hudak, Vasil"]
[Result "1/2-1/2"]
[WhiteElo "2060"]
[BlackElo "1866"]
[PlyCount "68"]
[EventDate "2023.10.07"]
[EventType "team-tourn"]
[EventRounds "11"]
[EventCountry "SVK"]
[SourceTitle "EXT 2025"]
[Source "ChessBase"]
[SourceDate "2024.10.14"]
[SourceVersion "1"]
[SourceVersionDate "2024.10.14"]
[SourceQuality "1"]
[WhiteTeam "Bardejov BSK"]
[BlackTeam "Kosice 1 CC"]
[WhiteTeamCountry "SVK"]
[BlackTeamCountry "SVK"]

1. e4 e5 2. Nf3 Nc6 3. d4 exd4 4. Nxd4 Nf6 5. Nxc6 bxc6 6. Qe2 Bc5 7. e5 Nd5 8. c4 Nb6 9. Qg4 Kf8 10. Qg3 d6 11. Be3 Bxe3 12. Qxe3 Qe7 13. c5 Nd5 14. cxd6 cxd6 15. exd6 Qxd6 16. Qd2 Bg4 17. f3 Re8+ 18. Be2 Bf5 19. 0-0 Qc5+ 20. Rf2 h5 21. Na3 Rh6 22. Rc1 Qe7 23. Nc2 Bd7 24. Qa5 Nf4 25. Bc4 Rg6 26. Re1 Qh4 27. Rxe8+ Bxe8 28. Qc5+ Kg8 29. Rd2 Qf6 30. Qd4 Qg5 31. Qd8 Qc5+ 32. Qd4 Qg5 33. Qd8 Qc5+ 34. Qd4 Qg5 1/2-1/2

[Event "SVK-chT2D 2324"]
[Site "Slovakia"]
[Date "2024.03.16"]
[Round "10.5"]
[White "Hudak, Vasil"]
[Black "Gay, Lukas"]
[Result "1/2-1/2"]
[WhiteElo "1866"]
[BlackElo "1831"]
[PlyCount "44"]
[EventDate "2023.10.07"]
[EventType "team-tourn"]
[EventRounds "11"]
[EventCountry "SVK"]
[SourceTitle "EXT 2025"]
[Source "ChessBase"]
[SourceDate "2024.10.14"]
[SourceVersion "1"]
[SourceVersionDate "2024.10.14"]
[SourceQuality "1"]
[WhiteTeam "Kosice 1 CC"]
[BlackTeam "Humenne Reinter III"]
[WhiteTeamCountry "SVK"]
[BlackTeamCountry "SVK"]

1. e4 d5 2. exd5 Nf6 3. d4 Bg4 4. f3 Bf5 5. Bb5+ Nbd7 6. c4 a6 7. Bxd7+ Qxd7 8. Nc3 b5 9. b3 e6 10. dxe6 Qxe6+ 11. Qe2 Bb4 12. Bd2 0-0-0 13. Qxe6+ Bxe6 14. d5 Rhe8 15. Nce2 Bxd2+ 16. Kxd2 c6 17. Nd4 Bxd5 18. cxd5 Rxd5 19. Kc3 Re3+ 20. Kd2 Re8 21. Kc3 Rc5+ 22. Kd3 Rd5 1/2-1/2

[Event "SVK-chT1E 2223"]
[Site "Slovakia"]
[Date "2024.03.10"]
[Round "11.6"]
[White "Giertli, Vladimir"]
[Black "Hudak, Vasil"]
[Result "1/2-1/2"]
[WhiteElo "1931"]
[BlackElo "1911"]
[PlyCount "85"]
[EventDate "2023.10.21"]
[EventType "team-tourn"]
[EventRounds "11"]
[EventCountry "SVK"]
[SourceTitle "EXT 2025"]
[Source "ChessBase"]
[SourceDate "2024.10.14"]
[SourceVersion "1"]
[SourceVersionDate "2024.10.14"]
[SourceQuality "1"]
[WhiteTeam "Banska Bystrica Junior"]
[BlackTeam "Kosice Slavia UPJS"]
[WhiteTeamCountry "SVK"]
[BlackTeamCountry "SVK"]

1. b3 Nf6 2. Bb2 d5 3. e3 c5 4. Nf3 Nc6 5. Bb5 a6 6. Bxc6+ bxc6 7. d3 e6 8. 0-0 Bd6 9. Nbd2 Qc7 10. Re1 0-0 11. e4 Nd7 12. a4 a5 13. e5 Be7 14. Qe2 Kh8 15. Rad1 Ba6 16. Bc3 Rac8 17. Qf1 f6 18. exf6 Bxf6 19. Bxf6 Rxf6 20. Re3 e5 21. Qe1 Kg8 22. c4 Rcf8 23. Qe2 Bc8 24. Re1 Qd6 25. Nxe5 Nxe5 26. Rxe5 Rxf2 27. Qxf2 Rxf2 28. Kxf2 Bd7 29. Nf3 h6 30. h3 Kf8 31. g4 g6 32. R1e2 g5 33. Ke3 Kf7 34. Kf2 Kf8 35. Ke1 Kf7 36. R5e3 Qg3+ 37. Rf2 Kg8 38. Ke2 Qd6 39. Ne5 Be6 40. Rf6 Kg7 41. Rg6+ Kh7 42. Rf6 Kg7 43. Rf2 1/2-1/2

[Event "SVK-chT1E 2223"]
[Site "Slovakia"]
[Date "2023.11.25"]
[Round "3.8"]
[White "Tomcikova, Zuzana"]
[Black "Hudak, Vasil"]
[Result "0-1"]
[WhiteElo "1750"]
[BlackElo "1911"]
[PlyCount "78"]
[EventDate "2023.10.21"]
[EventType "team-tourn"]
[EventRounds "11"]
[EventCountry "SVK"]
[SourceTitle "EXT 2025"]
[Source "ChessBase"]
[SourceDate "2024.10.14"]
[SourceVersion "1"]
[SourceVersionDate "2024.10.14"]
[SourceQuality "1"]
[WhiteTeam "Rajecke Teplice Slovan"]
[BlackTeam "Kosice Slavia UPJS"]
[WhiteTeamCountry "SVK"]
[BlackTeamCountry "SVK"]

1. Nf3 c5 2. g3 Nc6 3. Bg2 g6 4. 0-0 Bg7 5. d3 d5 6. Nbd2 Nf6 7. Re1 0-0 8. e4 d4 9. a4 e5 10. Nc4 Ne8 11. b3 b6 12. Ng5 f6 13. Nh3 Be6 14. f4 Qd7 15. Nf2 Nc7 16. g4 exf4 17. Bxf4 Ne5 18. h3 Bxc4 19. bxc4 Ne6 20. Bh2 Bh6 21. Rf1 Be3 22. Kh1 Qg7 23. Qe2 Qh6 24. Nd1 Nf4 25. Bxf4 Bxf4 26. Qf2 g5 27. Qe2 Rf7 28. Rf2 Qh4 29. Bf1 h5 30. gxh5 Rh7 31. a5 Rb8 32. Rb1 Rxh5 33. axb6 axb6 34. Ra1 Kg7 35. Ra7+ Kg6 36. Ra2 Rbh8 37. c3 Qg3 38. Rh2 Nf3 39. e5 Qg1# 0-1

[Event "SVK-chT1E 2223"]
[Site "Slovakia"]
[Date "2023.10.21"]
[Round "1.6"]
[White "Hudak, Vasil"]
[Black "Volna, Lukas"]
[Result "1-0"]
[WhiteElo "1911"]
[BlackElo "1908"]
[PlyCount "71"]
[EventDate "2023.10.21"]
[EventType "team-tourn"]
[EventRounds "11"]
[EventCountry "SVK"]
[SourceTitle "EXT 2025"]
[Source "ChessBase"]
[SourceDate "2024.10.14"]
[SourceVersion "1"]
[SourceVersionDate "2024.10.14"]
[SourceQuality "1"]
[WhiteTeam "Kosice Slavia UPJS"]
[BlackTeam "Dunajov Martin II"]
[WhiteTeamCountry "SVK"]
[BlackTeamCountry "SVK"]

1. e4 c5 2. Nf3 Nc6 3. d4 cxd4 4. Nxd4 g6 5. c4 Bg7 6. Be3 d6 7. Nc3 Nf6 8. Be2 Bd7 9. 0-0 0-0 10. Qd2 Re8 11. Rad1 Qc8 12. f3 h5 13. Kh1 Ne5 14. b3 Kh7 15. Nd5 Bc6 16. Bg5 Bxd5 17. exd5 a6 18. a4 Rb8 19. h3 Ned7 20. g4 Rh8 21. Kg2 hxg4 22. hxg4 Ne5 23. Qf4 Kg8 24. Rh1 Qf8 25. Rxh8+ Bxh8 26. Rh1 Ned7 27. Bd3 Nh7 28. Qh2 Qg7 29. Bxe7 Re8 30. Bxd6 Ng5 31. Ne2 Re3 32. Qf4 Rxf3 33. Qxg5 Rxd3 34. Qd8+ Nf8 35. Bxf8 Qxf8 36. Rxh8+ 1-0

[Event "SVK-chT1E 2223"]
[Site "Slovakia"]
[Date "2023.02.05"]
[Round "9.8"]
[White "Hudak, Vasil"]
[Black "Strapec, Lukas"]
[Result "1/2-1/2"]
[WhiteElo "1946"]
[BlackElo "1845"]
[PlyCount "137"]
[EventDate "2022.10.15"]
[EventType "team-tourn"]
[EventRounds "11"]
[EventCountry "SVK"]
[SourceTitle "EXT 2024"]
[Source "ChessBase"]
[SourceDate "2023.10.10"]
[SourceVersion "1"]
[SourceVersionDate "2023.10.10"]
[SourceQuality "1"]
[WhiteTeam "Kosice Slavia UPJS"]
[BlackTeam "Banska Bystrica Junior"]
[WhiteTeamCountry "SVK"]
[BlackTeamCountry "SVK"]

1. e4 c5 2. Nf3 e6 3. d4 cxd4 4. Nxd4 Nc6 5. Nc3 Qc7 6. g3 Nf6 7. Bg2 Nxd4 8. Qxd4 Bc5 9. Qd3 0-0 10. 0-0 a6 11. Bf4 e5 12. Bg5 Qc6 13. Rfd1 h6 14. Bxf6 Qxf6 15. Nd5 Qd8 16. Ne3 d6 17. Nc4 Qf6 18. Kh1 b5 19. Ne3 Be6 20. b3 Rac8 21. c3 Rfd8 22. Rd2 Qe7 23. Rad1 Qc7 24. Rc2 Qa7 25. Re2 Rd7 26. Rf1 Rcd8 27. f4 Bxe3 28. Rxe3 f6 29. Qd2 exf4 30. gxf4 d5 31. exd5 Bxd5 32. Bxd5+ Rxd5 33. Re8+ Rxe8 34. Qxd5+ Kh8 35. Qc6 Qa8 36. Qxa8 Rxa8 37. Kg2 Rc8 38. Rf3 Kg8 39. f5 Kf7 40. Kg3 Rc5 41. Kf4 a5 42. Ke4 Re5+ 43. Kd4 Re2 44. Kc5 Rxh2 45. Kxb5 Rxa2 46. b4 axb4 47. cxb4 g6 48. fxg6+ Kxg6 49. Kc4 f5 50. Rb3 f4 51. b5 Ra4+ 52. Kd3 Kg5 53. b6 Ra8 54. b7 Rb8 55. Ke2 Kg4 56. Kf2 h5 57. Rb6 h4 58. Rg6+ Kf5 59. Rg7 h3 60. Rh7 Kg4 61. Rg7+ Kf5 62. Rh7 h2 63. Kg2 Ke4 64. Re7+ Kd5 65. Kxh2 Kc6 66. Kg2 Rxb7 67. Rxb7 Kxb7 68. Kf3 Kc6 69. Kxf4 1/2-1/2

[Event "SVK-chT2D 2223"]
[Site "Slovakia"]
[Date "2022.11.12"]
[Round "3.3"]
[White "Belus, Benjamin"]
[Black "Hudak, Vasil"]
[Result "1/2-1/2"]
[WhiteElo "1882"]
[BlackElo "1946"]
[PlyCount "126"]
[EventDate "2022.10.08"]
[EventType "team-tourn"]
[EventRounds "11"]
[EventCountry "SVK"]
[SourceTitle "EXT 2024"]
[Source "ChessBase"]
[SourceDate "2023.10.10"]
[SourceVersion "1"]
[SourceVersionDate "2023.10.10"]
[SourceQuality "1"]
[WhiteTeam "Presov Slavia PU"]
[BlackTeam "Kosice 1 CC"]
[WhiteTeamCountry "SVK"]
[BlackTeamCountry "SVK"]

1. c4 Nf6 2. g3 c5 3. Bg2 g6 4. Nc3 Bg7 5. Nf3 Nc6 6. 0-0 d6 7. d4 cxd4 8. Nxd4 Bd7 9. a3 0-0 10. b4 Ng4 11. e3 Nge5 12. Qb3 Qc8 13. Nxc6 Bxc6 14. e4 f5 15. Bb2 Nd3 16. Rad1 Nxb2 17. Qxb2 Bxe4 18. Bxe4 fxe4 19. Qb3 Rf3 20. Rc1 d5 21. c5 Kh8 22. Qb2 Qf5 23. Qd2 Rd3 24. Qe1 Qf3 25. Nb1 Bh6 26. Rc3 Rf8 27. Rxd3 Qxd3 28. Qc3+ Qxc3 29. Nxc3 e6 30. Nb5 Rf3 31. Ra1 a6 32. Nd6 e3 33. fxe3 Bxe3+ 34. Kh1 b5 35. a4 Bd2 36. axb5 axb5 37. Rb1 Rc3 38. Nb7 Rc4 39. Nd8 Bxb4 40. Nxe6 d4 41. c6 d3 42. Nf4 d2 43. Nd3 Rxc6 44. Rd1 Bc3 45. Kg2 Rd6 46. Nf2 Re6 47. Rf1 Re1 48. Nd1 Bd4 49. Rf8+ Kg7 50. Rd8 Rg1+ 51. Kf3 Rxd1 52. Rxd4 Rf1+ 53. Ke2 Rh1 54. Kxd2 Rxh2+ 55. Ke3 h5 56. Rd6 g5 57. Kf3 Ra2 58. Rc6 Rd2 59. Ke3 Rg2 60. Ra6 h4 61. gxh4 g4 62. Rb6 g3 63. Kf3 Rb2 1/2-1/2

[Event "SVK-chT1E 2223"]
[Site "Slovakia"]
[Date "2022.10.16"]
[Round "2.8"]
[White "Korenova, Simona"]
[Black "Hudak, Vasil"]
[Result "1/2-1/2"]
[WhiteElo "1874"]
[BlackElo "1946"]
[PlyCount "110"]
[EventDate "2022.10.15"]
[EventType "team-tourn"]
[EventRounds "11"]
[EventCountry "SVK"]
[SourceTitle "EXT 2024"]
[Source "ChessBase"]
[SourceDate "2023.10.10"]
[SourceVersion "1"]
[SourceVersionDate "2023.10.10"]
[SourceQuality "1"]
[WhiteTeam "Liptov Chess School II"]
[BlackTeam "Kosice Slavia UPJS"]
[WhiteTeamCountry "SVK"]
[BlackTeamCountry "SVK"]

1. c4 e5 2. Nc3 Nf6 3. g3 Bc5 4. Bg2 0-0 5. e3 c6 6. Nge2 d5 7. cxd5 cxd5 8. d4 exd4 9. exd4 Be7 10. Qb3 Nc6 11. 0-0 Na5 12. Qd1 Bg4 13. Bg5 Re8 14. Qd3 Nc4 15. b3 Nb6 16. Nf4 Qd7 17. Rfe1 Be6 18. Nxe6 fxe6 19. Bh3 Bb4 20. Re5 Rac8 21. Ne2 Ne4 22. f3 Nxg5 23. Rxg5 Qf7 24. Bg4 Qf6 25. Re5 Bd6 26. Re3 Rc6 27. f4 Bc7 28. Kg2 Nd7 29. Nc3 Rc8 30. f5 Nf8 31. fxe6 Bd6 32. Nxd5 Qg5 33. e7 Qxd5+ 34. Bf3 Rc2+ 35. Re2 Rxe2+ 36. Qxe2 Qxd4 37. Rd1 Qe5 38. exf8Q+ Rxf8 39. Qd3 Bc5 40. Qc4+ Kh8 41. Qd5 Qb2+ 42. Rd2 Qc1 43. Rd1 Qe3 44. Rf1 b6 45. Qe4 Qg5 46. Qd5 Qe3 47. Qe4 Qd2+ 48. Qe2 Qc3 49. Rd1 a5 50. Qd3 Qb4 51. Qd2 Qa3 52. Qc2 Bd6 53. Be4 h6 54. Bf3 Be5 55. Rd2 Qe7 1/2-1/2

[Event "SVK-chT2D 2122"]
[Site "Slovakia"]
[Date "2022.03.27"]
[Round "9.4"]
[White "Tkac, Miroslav"]
[Black "Hudak, Vasil"]
[Result "1/2-1/2"]
[WhiteElo "1682"]
[BlackElo "1950"]
[PlyCount "58"]
[EventDate "2021.10.16"]
[EventType "team-tourn"]
[EventRounds "11"]
[EventCountry "SVK"]
[SourceTitle "EXT 2023"]
[Source "ChessBase"]
[SourceDate "2022.10.05"]
[SourceVersion "1"]
[SourceVersionDate "2022.10.05"]
[SourceQuality "1"]
[WhiteTeam "Presov Slavia PU"]
[BlackTeam "Kosice 1 CC"]
[WhiteTeamCountry "SVK"]
[BlackTeamCountry "SVK"]

1. e4 c6 2. d4 d5 3. exd5 cxd5 4. c4 Nf6 5. Nc3 Nc6 6. Nf3 Bf5 7. Qb3 Na5 8. Qa4+ Bd7 9. Qd1 dxc4 10. Ne5 Rc8 11. Qf3 Bc6 12. Nxc6 Nxc6 13. Be3 Nxd4 14. Bxd4 Qxd4 15. Qxb7 Qc5 16. 0-0-0 g6 17. Nd5 Bh6+ 18. Kb1 Nxd5 19. Rxd5 Qc6 20. Qxc6+ Rxc6 21. Rd4 0-0 22. Bxc4 Bg7 23. Re4 Rd8 24. Kc2 Rcd6 25. Re2 e6 26. g3 Bh6 27. f4 Bg7 28. b3 h5 29. Rf1 Rd4 1/2-1/2

[Event "SVK-chT2D 2122"]
[Site "Slovakia"]
[Date "2022.03.05"]
[Round "6.3"]
[White "Hudak, Vasil"]
[Black "Balazs, Attila2"]
[Result "0-1"]
[WhiteElo "1950"]
[BlackElo "2010"]
[PlyCount "74"]
[EventDate "2021.10.16"]
[EventType "team-tourn"]
[EventRounds "11"]
[EventCountry "SVK"]
[SourceTitle "EXT 2023"]
[Source "ChessBase"]
[SourceDate "2022.10.05"]
[SourceVersion "1"]
[SourceVersionDate "2022.10.05"]
[SourceQuality "1"]
[WhiteTeam "Kosice 1 CC"]
[BlackTeam "Moldava nad Bodvou"]
[WhiteTeamCountry "SVK"]
[BlackTeamCountry "SVK"]

1. e4 e5 2. Nf3 Nf6 3. Nxe5 d6 4. Nf3 Nxe4 5. d4 d5 6. Bd3 Bg4 7. h3 Bh5 8. Nbd2 f5 9. c4 Bb4 10. Qa4+ Nc6 11. 0-0 Bxd2 12. Nxd2 Bf7 13. Re1 0-0 14. cxd5 Bxd5 15. Nxe4 fxe4 16. Bxe4 Bxe4 17. Rxe4 Qd5 18. Qb3 Qxb3 19. axb3 Rfe8 20. Rxe8+ Rxe8 21. Be3 a6 22. Rc1 Re7 23. Kf1 Rd7 24. Rc4 Na5 25. Rb4 b5 26. d5 Rxd5 27. Ke2 c5 28. Re4 Nxb3 29. Re6 a5 30. Rb6 c4 31. Kf3 b4 32. Ke4 Rd7 33. Rc6 Nd2+ 34. Ke5 Kf7 35. Bb6 a4 36. Bc7 a3 37. bxa3 b3 0-1

[Event "SVK-chT2D 2122"]
[Site "Slovakia"]
[Date "2021.11.13"]
[Round "3.4"]
[White "Hudak, Vasil"]
[Black "Ondo, Radoslav"]
[Result "0-1"]
[WhiteElo "1965"]
[BlackElo "2045"]
[PlyCount "58"]
[EventDate "2021.10.16"]
[EventType "team-tourn"]
[EventRounds "11"]
[EventCountry "SVK"]
[SourceTitle "EXT 2023"]
[Source "ChessBase"]
[SourceDate "2022.10.05"]
[SourceVersion "1"]
[SourceVersionDate "2022.10.05"]
[SourceQuality "1"]
[WhiteTeam "Kosice 1 CC"]
[BlackTeam "Michalovce Zemplin II"]
[WhiteTeamCountry "SVK"]
[BlackTeamCountry "SVK"]

1. e4 e5 2. Nf3 Nc6 3. Bb5 a6 4. Ba4 Nf6 5. 0-0 b5 6. Bb3 Be7 7. Re1 0-0 8. a4 b4 9. d4 d6 10. c3 exd4 11. cxd4 Bg4 12. Be3 Na5 13. Bc2 c5 14. h3 Bh5 15. dxc5 dxc5 16. Nbd2 Qc7 17. Qb1 Bg6 18. Nh4 Nh5 19. Nxg6 fxg6 20. Nc4 Nxc4 21. Qa2 Kh8 22. Qxc4 Qe5 23. Rad1 Bd6 24. Rxd6 Qxd6 25. Bxc5 Qc6 26. Qxb4 Rfc8 27. Rd1 h6 28. Bb3 Rab8 29. Rd6 Rxb4 0-1

[Event "Drienica Saris op"]
[Site "Drienica"]
[Date "2020.08.10"]
[Round "4"]
[White "Kukan, Michal"]
[Black "Hudak, Vasil"]
[Result "0-1"]
[WhiteElo "1775"]
[BlackElo "1984"]
[PlyCount "80"]
[EventDate "2020.08.07"]
[EventType "swiss"]
[EventRounds "9"]
[EventCountry "SVK"]
[SourceTitle "CBM 197 Extra"]
[Source "ChessBase"]
[SourceDate "2020.09.30"]
[SourceVersion "1"]
[SourceVersionDate "2020.09.30"]
[SourceQuality "1"]

1. c4 Nf6 2. Nc3 c5 3. Nf3 Nc6 4. d4 cxd4 5. Nxd4 g6 6. e4 d6 7. Be2 Bg7 8. Be3 0-0 9. 0-0 Bd7 10. Rc1 Rc8 11. b3 b6 12. f3 Na5 13. Qd2 Nb7 14. Rfd1 Nc5 15. Ncb5 a6 16. Nc3 Be8 17. Bh6 Nfd7 18. Bxg7 Kxg7 19. f4 Kg8 20. Bg4 e6 21. Nf3 Nf6 22. Bh3 Nfxe4 23. Nxe4 Nxe4 24. Qe3 Bc6 25. Nd4 Qc7 26. Nxe6 fxe6 27. Bxe6+ Kg7 28. Bxc8 Qxc8 29. Qd4+ Kg8 30. Qxb6 Rxf4 31. c5 d5 32. Rc4 Rf8 33. Rc2 Rf6 34. Qa5 Qg4 35. Re1 Qc8 36. Rce2 Bb5 37. Rc2 Qf5 38. h3 Ng3 39. Qd2 Ne4 40. a4 Nxd2 0-1

[Event "SVK-chT1E 1920"]
[Site "Slovakia"]
[Date "2020.01.25"]
[Round "7.4"]
[White "Stricova, Zuzana"]
[Black "Hudak, Vasil"]
[Result "1/2-1/2"]
[WhiteElo "2166"]
[BlackElo "2003"]
[PlyCount "90"]
[EventDate "2019.10.12"]
[EventType "team-tourn"]
[EventRounds "11"]
[EventCountry "SVK"]
[SourceTitle "CBM 194 Extra"]
[Source "ChessBase"]
[SourceDate "2020.03.31"]
[SourceVersion "1"]
[SourceVersionDate "2020.03.31"]
[SourceQuality "1"]
[WhiteTeam "Banska Bystrica Junior"]
[BlackTeam "Kosice 1 CC"]
[WhiteTeamCountry "SVK"]
[BlackTeamCountry "SVK"]

1. Nf3 Nf6 2. g3 c5 3. Bg2 g6 4. d3 Bg7 5. Nbd2 0-0 6. e4 Nc6 7. 0-0 d6 8. c3 Bg4 9. h3 Bd7 10. Re1 e5 11. Nc4 Qc7 12. Ne3 Qc8 13. Kh2 Ne7 14. Nc2 Nh5 15. d4 cxd4 16. cxd4 f5 17. exf5 Bxf5 18. Ne3 Be4 19. dxe5 d5 20. Rf1 Qc7 21. Ng4 Nc6 22. Ng5 Bxe5 23. Nxe4 dxe4 24. Qd5+ Kh8 25. Nxe5 Nxe5 26. Bxe4 Nxg3 27. fxg3 Rxf1 28. Bf4 Rxf4 29. gxf4 Nc6 30. Qg5 Rf8 31. Kg3 Qb6 32. Bxc6 Qxc6 33. Qe5+ Kg8 34. Re1 Rf5 35. Qe6+ Qxe6 36. Rxe6 Rb5 37. Re2 Kf7 38. b3 Rd5 39. Rc2 Rd7 40. Kg4 Kf6 41. Rc3 h5+ 42. Kf3 Rd2 43. Rc7 Rxa2 44. Rxb7 Rh2 45. Kg3 Rb2 1/2-1/2